| 000 | 00647nam a2200181Ia 4500 | ||
|---|---|---|---|
| 008 | 151018s9999 xx 000 0 und d | ||
| 082 |
_bRBASDV19093 _a891.463 |
||
| 100 | _aदीनानाथ लाटे | ||
| 245 | _aहा खेळ दहा दिवसांचा | ||
| 250 | _b1 | ||
| 260 |
_bप्रतिमा प्रकाशन पुणे _c1985 |
||
| 300 | _a166 | ||
| 600 | _aदीनानाथ लाटे | ||
| 630 | _aहा खेळ दहा दिवसांचा | ||
| 700 | _aदीनानाथ लाटे | ||
| 730 | _aहा खेळ दहा दिवसांचा | ||
| 942 | _cBOOK | ||
| 999 |
_c1019735 _d1019732 |
||